Life and times of the patriarchs, Abraham, Isaac and Jacob. (Record no. 8676)

000 -LEADER
fixed length control field 00704nam a2200217 a 4500
001 - CONTROL NUMBER
control field :::00006453$&:&@@
003 - CONTROL NUMBER IDENTIFIER
control field OkBaRHE
005 - DATE AND TIME OF LATEST TRANSACTION
control field 20000607103331.0
008 - FIXED-LENGTH DATA ELEMENTS--GENERAL INFORMATION
fixed length control field s1912 j 000 0 eng u
040 ## - CATALOGING SOURCE
Transcribing agency
100 1# - MAIN ENTRY--PERSONAL NAME
Personal name Thomson, William Hanna.
245 10 - TITLE STATEMENT
Title Life and times of the patriarchs, Abraham, Isaac and Jacob.
260 ## - PUBLICATION, DISTRIBUTION, ETC. (IMPRINT)
Place of publication, distribution, etc New York, NY., :
Name of publisher, distributor, etc Funk & Wagnalls Co.
Date of publication, distribution, etc c1912
300 ## - PHYSICAL DESCRIPTION
Extent 285 p. : illus. ;
Dimensions 19 cm.
650 ## - SUBJECT ADDED ENTRY--TOPICAL TERM
Topical term or geographic name as entry element Abraham, the Patriarch
650 ## - SUBJECT ADDED ENTRY--TOPICAL TERM
Topical term or geographic name as entry element Issac, the Patriarch
650 ## - SUBJECT ADDED ENTRY--TOPICAL TERM
Topical term or geographic name as entry element Jacob, the Patriarch
650 ## - SUBJECT ADDED ENTRY--TOPICAL TERM
Topical term or geographic name as entry element Patriarchs (Bible)
942 ## - ADDED ENTRY ELEMENTS (KOHA)
Source of classification or shelving scheme
Koha item type Books
Copies
Barcode Shelving location Lost status Full call number Damaged status Total Checkouts Date checked out Koha item type Source of classification or shelving scheme Copy number Not for loan Date last seen Permanent Location Date acquired Price effective from Current Location Withdrawn status
6453General Stacks BT 1235.2 .T489 12013-09-20Books 1 2014-01-31RHEMA Bible Training College2010-04-142010-04-14RHEMA Bible Training College